banner-ar

الشعر و التجربة / (Record no. 40514)

MARC details
000 -الفاتح
حقل البيانات ثابتة الطول 00581nam a2200205Ia 4500
008 - عناصر البيانات ثابتة الطول - معلومات عامة
حقل البيانات ثابتة الطول 140319s9999 xx 000 0 ara d
040 ## - مصدر الفهرسة
وكالة الفهرسة الأصلية GCL /
وكالة النسخ GCL
082 04 - رقم تصنيف ديوى العشرى
رقم التصنيف 820
رقم المادة م ش
100 1# - المدخل الرئيسى - إسم شخصى
الإسم الشخصى توفيق صايغ
245 10 - بيان العنوان
العنوان الشعر و التجربة /
بيان المسئوليه,etc توفيق صايغ
700 1# - المدخل الاضافى - اسم شخصى
الإسم الشخصى مكلبيش , ارشيبالد
700 1# - المدخل الاضافى - اسم شخصى
الإسم الشخصى سلمى الخضراء الجيوسى
300 ## - الوصف المادى
التعداد 236 ص
490 ## - بيان السلسلة
عنوان السلسلة
650 04 - المدخل الاضافى بالموضوع-مصطلح موضوعى
مصطلح موضوعي الادب الامريكى
650 04 - المدخل الاضافى بالموضوع-مصطلح موضوعى
مصطلح موضوعي الادب العالمى
650 04 - المدخل الاضافى بالموضوع-مصطلح موضوعى
مصطلح موضوعي الشعر الامريكى
942 ## - عناصر المدخل الإضافي( كوها)
مصدر التصنيف او مخطط الترفيف Dewey Decimal Classification
Koha [default] item type كتاب
Holdings
حالة التراجع حالة الفقد حالة تلف ليس للاعارة المكان المؤقت الموقع الحالى تاريخ الاكتساب اجمالي اﻻعارات رقم الطلب الباركود تاريخ اخر مشاهدة تاريخ تفعيل السعر نوع وعاء كوها
        مكتبة القاهرة الكبرى مكتبة القاهرة الكبرى 03/26/2014   820\م ش 98088 03/26/2014 03/26/2014 كتاب

Powered By

EGPV